000
00322 a2200145 4500
001
175997
020
_a
040
_c
Magnum
100
_a
Franco, Afonso Arinos de Melo
240
1
0
_a
Historia do brasil
_l
por
245
1
0
_a
Historia do brasil
362
0
_a
1899
697
_a
MAGNITO: HISTORIA DO BRASIL
942
_c
BK
999
_c
175997
_d
175997